000 00937nam a2200193 a 4500
008 120201s2010 ||||||||||||||||| || u
020 _a9781444108316
050 _aBF 121 Gro
100 _aGross, Richard
245 1 0 _aPsychology: the science of mind and behaviour.-- 6th ed.
_cby Richard Gross
250 _a6th ed.
260 _aLondon:
_bHodder Education
_c2010
300 _aviii, 902p.: ill.
350 _a0.00
650 3 _aPSYCHOLOGY
995 _aOFFICE (Staff usage)
_D0.00
_e742641
_FCBU-MAIN LIBRARY (Kitwe)
_H1
_I0.00
_jBF 121 Gro
_M1
_UOFFICE
_WMar 6, 2012
_y742641
_ZMain Library Open Access Collection
995 _aMAIN LIBRARY OPEN ACCESS
_e743618
_FCBU-MAIN LIBRARY (Kitwe)
_I0.00
_jBF 121 Gro
_M2
_UAVAILABLE
_WMay 6, 2013
_y743618
_ZMain Library Open Access Collection
995 _aANNEX COLLECTION (Main Library)
_e743619
_FCBU-MAIN LIBRARY (Kitwe)
_I0.00
_jBF 121 Gro
_M3
_UAVAILABLE
_WMay 6, 2013
_y743619
_ZAnnex Low-Usage Collection
999 _c77131
_d77131